| 000 | 00587nam a2200169Ia 4500 | ||
|---|---|---|---|
| 008 | 090122s9999 xx 000 0 und d | ||
| 082 |
_b835 _a403 |
||
| 100 |
_aनेने _bगो _cप |
||
| 245 | _aहिंदी - मराठी शद्बकोश | ||
| 260 |
_bमहाराष्ट्र राष्ट्रभाषा सभा _c1965 |
||
| 300 | _a678 | ||
| 600 | _aनेने | ||
| 630 | _aहिंदी - मराठी शद्बकोश | ||
| 700 | _aनेने | ||
| 730 | _aहिंदी - मराठी शद्बकोश | ||
| 942 | _cBOOK | ||
| 999 |
_c24913 _d24913 |
||